| 000 | 00765nam a22002175i 4500 | ||
|---|---|---|---|
| 001 | 175078 | ||
| 003 | ES-MaACL | ||
| 005 | 20250815112733.0 | ||
| 008 | 101005s1950 sp |||| | spa d | ||
| 080 | _a577.1 | ||
| 100 | 1 |
_aSeekles, Laurens. _9143443 |
|
| 245 | 1 | 0 |
_aAlgunos problemas de bioquímica veterinaria / _cpor L. Seekles. |
| 260 |
_a[Madrid] : _bInstituto español de Fisiología y Bioquímica, _c1950. |
||
| 300 |
_a59 p. ; _c26 cm. |
||
| 490 | 1 |
_aMonografías de ciencia moderna ; _v20 |
|
| 650 | 1 | 7 |
_aBioquímica _2embne _9136796 |
| 710 | 2 |
_aInstituto Español de Fisiología y Bioquímica _9143422 |
|
| 830 | 0 |
_aMonografías de ciencia moderna _v20 _9189470 |
|
| 852 |
_aES-MaACL _jE-13286 _xOlim P-555 bis |
||
| 999 |
_c175078 _d175078 |
||